W Answers Quiz #1 - Statistics

General Stats
  • This quiz has been taken 88,240 times
  • The average score is 18 of 24
Answer Stats
Clue Answer % Correct
Capital of the U.S. Washington
100%
Disney's first name Walt
97%
Online encyclopedia Wikipedia
95%
First name of Prime Minister Churchill Winston
93%
One of four countries in the UK Wales
92%
Capital of Poland Warsaw
92%
World's biggest retailer by revenue Wal-Mart
85%
Burger King's most famous sandwich Whopper
84%
X-man with claws Wolverine
84%
Midwestern U.S. state Wisconsin
79%
Creature vulnerable to silver bullets Werewolf
76%
Brothers Orville and Wilbur Wright
75%
Japanese horseradish Wasabi
70%
Chewbacca's species Wookiee
68%
1995 hit song by Oasis Wonderwall
67%
Family name of the British royals Windsor
66%
Famous Honolulu beach Waikiki
65%
Type of crane or cough Whooping
59%
George Michael and Andrew Ridgeley  Wham!
56%
First name of hockey's "Great One" Wayne
54%
Town whose Christmas the Grinch tried to steal Whoville
53%
Miss Muffet consumed it Whey
52%
British political party who battled the Tories before disbanding in 1859 Whig
49%
Largest city in Manitoba Winnipeg
46%
No matching quizzes found
Score Distribution
Percent of People with Each Score
Percentile by Number Answered
Your Score History
You have not taken this quiz